banner-ar

مكافحة الدبابات / (Record no. 46554)

MARC details
000 -الفاتح
حقل البيانات ثابتة الطول 00593nam a2200193Ia 4500
008 - عناصر البيانات ثابتة الطول - معلومات عامة
حقل البيانات ثابتة الطول 140319s9999 xx 000 0 ara d
040 ## - مصدر الفهرسة
وكالة الفهرسة الأصلية GCL /
وكالة النسخ GCL
082 04 - رقم تصنيف ديوى العشرى
رقم التصنيف 358.1
رقم المادة ب م
100 1# - المدخل الرئيسى - إسم شخصى
الإسم الشخصى ميلينكون, بيربوكوف
245 10 - بيان العنوان
العنوان مكافحة الدبابات /
بيان المسئوليه,etc ميلينكون, بيربوكوف
700 1# - المدخل الاضافى - اسم شخصى
الإسم الشخصى جليل كمال الدين
300 ## - الوصف المادى
التعداد 221 ص
490 ## - بيان السلسلة
عنوان السلسلة سلسلة العلوم العسكرية
رقم المجلد/ التعيين التسلسلي 0
650 04 - المدخل الاضافى بالموضوع-مصطلح موضوعى
مصطلح موضوعي العلوم العسكرية
650 04 - المدخل الاضافى بالموضوع-مصطلح موضوعى
مصطلح موضوعي جليل كمال الدين
650 04 - المدخل الاضافى بالموضوع-مصطلح موضوعى
مصطلح موضوعي الدبابات
942 ## - عناصر المدخل الإضافي( كوها)
مصدر التصنيف او مخطط الترفيف Dewey Decimal Classification
Koha [default] item type كتاب
Holdings
حالة التراجع حالة الفقد حالة تلف ليس للاعارة المكان المؤقت الموقع الحالى تاريخ الاكتساب اجمالي اﻻعارات رقم الطلب الباركود تاريخ اخر مشاهدة تاريخ تفعيل السعر نوع وعاء كوها
        مكتبة القاهرة الكبرى مكتبة القاهرة الكبرى 03/26/2014   358.1\ب م 113342 03/26/2014 03/26/2014 كتاب

Powered By

EGPV